00470nam a2200157Ia 4500003000400000005001700004008004100021020001500062040002900077050002300106100001600129245009600145260002400241300002200265650002500287OSt20230908122147.0221021s9999||||xx |||||||||||||| ||und|| a9280311808 cChuka University Library aLB 2824b .G6 1999 aGovinda, R. 0aReaching the unreached through participatory planning: School mapping in Lok Jumbish, India aParisbUNESCOc1999 a188pbIllustrated aEducational planning